Introduction to visual basic .net programming / (Record no. 122841)

MARC details
000 -LEADER
fixed length control field 00747nam a22002417a 4500
005 - DATE AND TIME OF LATEST TRANSACTION
control field 20170124105916.0
010 ## - LIBRARY OF CONGRESS CONTROL NUMBER
LC control number B-220282
020 ## - INTERNATIONAL STANDARD BOOK NUMBER
Terms of availability 150.00
International Standard Book Number 97881883330794
035 ## - SYSTEM CONTROL NUMBER
System control number B-220282
037 ## - SOURCE OF ACQUISITION
Source of stock number/acquisition Cen Lib/Ret
040 ## - CATALOGING SOURCE
Original cataloging agency DPL
Language of cataloging EN
082 ## - DEWEY DECIMAL CLASSIFICATION NUMBER
Classification number 005.3
Item number GUN
100 ## - MAIN ENTRY--PERSONAL NAME
Personal name Gunarto, Hary
9 (RLIN) 2624
245 ## - TITLE STATEMENT
Title Introduction to visual basic .net programming /
Statement of responsibility, etc by Hary Gurnato
246 ## - VARYING FORM OF TITLE
Remainder of title
260 ## - PUBLICATION, DISTRIBUTION, ETC. (IMPRINT)
Name of publisher, distributor, etc BPB Publications
Date of publication, distribution, etc 2006
Place of publication, distribution, etc New Delhi
270 ## - ADDRESS
City New Delhi
Address B-14, Connaught Place
Postal code 110001
300 ## - PHYSICAL DESCRIPTION
Extent ix, 132p.:
Dimensions 23cm(pbk)
Other physical details ill.
500 ## - GENERAL NOTE
General note includes bibliographical references
650 ## - SUBJECT ADDED ENTRY--TOPICAL TERM
Topical term or geographic name as entry element Computer Science
9 (RLIN) 112754
650 ## - SUBJECT ADDED ENTRY--TOPICAL TERM
Topical term or geographic name as entry element Programming Languages
General subdivision
9 (RLIN) 2626
942 ## - ADDED ENTRY ELEMENTS (KOHA)
Source of classification or shelving scheme Dewey Decimal Classification
Koha item type English Books
Classification part 005.3
Call number suffix GUN
Holdings
Withdrawn status Lost status Damaged status Not for loan Collection code Home library Current library Date acquired Source of acquisition Cost, normal purchase price Total Checkouts Full call number Barcode Date last seen Copy number Cost, replacement price Price effective from Koha item type
      Not For Loan Reference Central Library Central Library 30/05/2015 Cen Lib/Ret 150.00   005.3 GUN B-220282 30/05/2015 1 150.00 30/05/2015 English Books

© Delhi Public Library
Hit Counter
free hit counter